Surveyor's negligence - damages (Record no. 63224)
[ view plain ]
| 000 -LEADER | |
|---|---|
| fixed length control field | 01344cam a2200265 4500 |
| 001 - CONTROL NUMBER | |
| control field | WB3616-59 |
| 008 - FIXED-LENGTH DATA ELEMENTS--GENERAL INFORMATION | |
| fixed length control field | 000000n2000 000 0 eng u |
| 035 ## - SYSTEM CONTROL NUMBER | |
| System control number | (Sirsi) u105521 |
| 245 ## - TITLE STATEMENT | |
| Title | Surveyor's negligence - damages |
| 260 ## - PUBLICATION, DISTRIBUTION, ETC. | |
| Date of publication, distribution, etc. | 2000 |
| 490 ## - SERIES STATEMENT | |
| Series statement | Estates Gazette Case Summaries |
| Volume/sequential designation | [2000] EGCS 52 (15/04/00) |
| 520 ## - SUMMARY, ETC. | |
| Summary, etc. | "Farley v Skinner" CA 6 April 2000. Claimant (F) instructed defendant surveyor (S) to inspect a property and advise whether it would be affected by aircraft noise. S reported this was unlikely but on purchasing the property F discovered it was badly affected. Judge awarded F £10,000 damages for distress and inconvenience. S appealed and the appeal was allowed. It could not be concluded that the contract between the parties was anything but an ordinary surveyors' contract to supply information. Secondly, evidence did not support the finding that the noise caused physical inconvenience, discomfort or mental suffering. |
| 590 ## - LOCAL NOTE (RLIN) | |
| Local note | WB |
| 600 ## - SUBJECT ADDED ENTRY--PERSONAL NAME | |
| Personal name | NEGLIGENCE |
| 650 ## - SUBJECT ADDED ENTRY--TOPICAL TERM | |
| Topical term or geographic name entry element | FARLEY V SKINNER |
| 650 ## - SUBJECT ADDED ENTRY--TOPICAL TERM | |
| Topical term or geographic name entry element | DAMAGES CLAIM |
| 650 ## - SUBJECT ADDED ENTRY--TOPICAL TERM | |
| Topical term or geographic name entry element | NOISE POLLUTION |
| 650 ## - SUBJECT ADDED ENTRY--TOPICAL TERM | |
| Topical term or geographic name entry element | AIRCRAFT NOISE |
| 650 ## - SUBJECT ADDED ENTRY--TOPICAL TERM | |
| Topical term or geographic name entry element | SURVEYORS |
| 650 ## - SUBJECT ADDED ENTRY--TOPICAL TERM | |
| Topical term or geographic name entry element | CONTRACT |
| 650 ## - SUBJECT ADDED ENTRY--TOPICAL TERM | |
| Topical term or geographic name entry element | WATTS V MORROW |
| 650 ## - SUBJECT ADDED ENTRY--TOPICAL TERM | |
| Topical term or geographic name entry element | RUXLEY ELECTRONICS AND CONSTRUCTION V FORSYTH |
| 690 ## - LOCAL SUBJECT ADDED ENTRY--TOPICAL TERM (OCLC, RLIN) | |
| Topical term or geographic name as entry element | PROFESSIONAL PRACTICE-NEGLIGENCE-CASE LAW |
| 942 ## - ADDED ENTRY ELEMENTS (KOHA) | |
| Suppress in OPAC | 0 |
| Withdrawn status | Lost status | Source of classification or shelving scheme | Damaged status | Not for loan | Home library | Current library | Shelving location | Date acquired | Total Checkouts | Full call number | Barcode | Date last seen | Copy number | Price effective from | Koha item type |
|---|---|---|---|---|---|---|---|---|---|---|---|---|---|---|---|
| Dewey Decimal Classification | London | London | News article | 20/04/2000 | WB3616-59 | 105521-1001 | 06/08/2019 | 1 | 06/08/2019 | Law report |